Schnelle Mathematik - Potenzrechnen Level 05 - Statistiken

Allgemein
  • Dieses Quiz wurde 153 mal gespielt
  • Das Durchschnittsergebnis liegt bei 15 aus 20
Antwortstatistiken
Zahl Ergebnis % Korrekt
0
100%
10² 100
100%
10³ 1000
100%
2
100%
25
100%
49
100%
5
100%
512
100%
8
100%
3⁴ 81
100%
9
100%
64
92%
2⁰ 1
90%
3⁰ 1
90%
7
90%
1
89%
1
89%
125
89%
36
89%
6
89%
9
89%
1
88%
3
88%
2⁵ 32
88%
2⁹ 512
86%
64
86%
7⁰ 1
83%
10¹ 10
83%
4
83%
2⁶ 64
83%
1⁰ 1
82%
4⁰ 1
82%
2⁷ 128
82%
9⁰ 1
80%
2¹⁰ 1024
80%
2⁴ 16
80%
343
80%
8
80%
3⁵ 243
79%
5⁰ 1
78%
2¹¹ 2048
77%
2⁸ 256
77%
0
75%
6⁰ 1
75%
10⁰ 1
75%
16
75%
5⁴ 625
75%
0
73%
27
73%
5⁵ 3125
73%
81
73%
4⁴ 256
71%
4
71%
10⁴ 10000
69%
216
69%
4⁵ 1024
63%
2¹² 4096
60%
8⁰ 1
57%
4⁶ 4096
50%
3⁸ 6561
50%
9⁴ 6561
50%
5⁶ 15625
45%
3⁶ 729
44%
8⁴ 4096
43%
3⁷ 2187
40%
7⁴ 2401
36%
6⁴ 1296
29%
729
25%
Keine übereinstimmenden Quizze gefunden
Verteilung der Resultate
Anzahl Personen mit jedem Resultat
Perzentil nach korrekt beantworteten Fragen
Ihre Resultats-Entwicklung
Sie haben dieses Quiz noch nicht gespielt